El bandolerismo (Record no. 129878)

MARC details
000 -LEADER
campo de control de longitud fija 00705nam a2200193 i 4500
001 - NÚMERO DE CONTROL
campo de control 129878
003 - IDENTIFICADOR DE NÚMERO DE CONTROL
campo de control ES-MaACL
007 - CAMPO FIJO DE DESCRIPCIÓN FÍSICA--INFORMACIÓN GENERAL
campo de control de longitud fija t|
008 - DATOS DE LONGITUD FIJA--INFORMACIÓN GENERAL
campo de control de longitud fija 070710s1983 sp ||||1| spa d
100 1# - ENTRADA PRINCIPAL--NOMBRE DE PERSONA
Nombre de persona Zugasti, Julián de.
9 (RLIN) 118433
245 13 - MENCIÓN DEL TÍTULO
Título El bandolerismo
Resto del título : estudio social y memorias históricas /
Mención de responsabilidad, etc. Julián de Zugasti ; [estudio introductorio de Antonio Barragán Moriana, Javier de Prado Rodríguez].
250 ## - MENCION DE EDICION
Mención de edición [2ª ed.].
260 ## - PUBLICACIÓN, DISTRIBUCIÓN, ETC.
Lugar de publicación, distribución, etc. Córdoba :
Nombre del editor, distribuidor, etc. Diputación Provincial,
Fecha de publicación, distribución, etc. 1983.
300 ## - DESCRIPCIÓN FÍSICA
Extensión 3 v. ;
Dimensiones 25 cm.
650 14 - PUNTO DE ACCESO ADICIONAL DE MATERIA--TÉRMINO DE MATERIA
Término de materia o nombre geográfico como elemento de entrada Bandoleros-
Subdivisión geográfica España.
9 (RLIN) 10498
700 1# - ENTRADA AGREGADA--NOMBRE PERSONAL
Nombre de persona Barragán Moriana, Antonio.
9 (RLIN) 25829
700 1# - ENTRADA AGREGADA--NOMBRE PERSONAL
Nombre de persona Prado Rodríguez, Javier de.
9 (RLIN) 93625
852 ## - LOCALIZACIÓN
Ubicación ES-MaACL
Número de control de estantería L-5560-2
Sublocalización o colección R.106126
Holdings
Estatus retirado Estado de pérdida Estado de daño No para préstamo Biblioteca de origen Biblioteca actual Ubicación en estantería Fecha de adquisición Fuente de adquisición Total de préstamos Signatura topográfica completa Código de barras Visto por última vez Precio de reemplazo Tipo de ítem Koha
        Biblioteca del Ateneo de Madrid Biblioteca del Ateneo de Madrid Depósito 2 17/01/2008     L-5560-2 1135238 23/02/2023 23/02/2023 Libro impreso